000 00275nam a2200133Ia 4500
100 _aShebeko/L
942 _cBK
654 _aWelding
245 _aElectric arc Welding Practice
260 _bMir Publishers
_c2001
082 _a671.5
300 _a200
546 _aENGLISH
999 _c24571
_d24571